[Event "Open 2008"]
[Site "Villeneuve-sur-Lot"]
[Date "2008.11.08"]
[Round "2"]
[White "Gerothwohl, Tristan"]
[Black "Fantinel, Thibault"]
[Result "0-1"]
[WhiteElo "1780"]
[BlackElo "2000"]
[PlyCount "105"]
[EventDate "2008.11.??"]
[EventType "swiss"]
[EventRounds "7"]
[EventCountry "FRA"]

1. e4 c5 2. d4 cxd4 3. c3 Nf6 4. e5 Nd5 5. cxd4 d6 6. Bc4 e6 7. Nf3 Nc6 8. O-O
Be7 9. Na3 O-O 10. Bxd5 exd5 11. Bf4 dxe5 12. dxe5 Bg4 13. h3 Bh5 14. Nb5 a6
15. Nc3 d4 16. Ne4 Qd5 17. Nc3 Qa5 18. Ne4 Bxf3 19. Qxf3 Nxe5 20. Bxe5 Qxe5 21.
Rfe1 Qb5 22. b3 Bb4 23. Red1 Rad8 24. a3 Be7 25. Rd3 f5 26. Ng3 Qd5 27. Qf4 Bd6
28. Qxd4 Qxd4 29. Rxd4 Bxg3 30. Rxd8 Rxd8 31. fxg3 Rd3 32. Rc1 Rxb3 33. Kf2 Kf7
34. a4 Rb4 35. Rc7+ Kf6 36. Kf3 h5 37. h4 g6 38. Ke3 Ke5 39. Re7+ Kf6 40. Rc7
a5 41. Ke2 Rxa4 42. Rxb7 Rg4 43. Kf3 a4 44. Ra7 Ke5 45. Rb7 Kd5 46. Ra7 Kc5 47.
Ra8 Kb4 48. Ra6 a3 49. Rb6+ Kc3 50. Ra6 Kb3 51. Rb6+ Rb4 52. Rxg6 a2 53. Ra6
0-1

[Event "Open 2008"]
[Site "Villeneuve-sur-Lot"]
[Date "2008.11.08"]
[Round "2"]
[White "Gillis, Stephane"]
[Black "Valadier, Patrick"]
[Result "1-0"]
[WhiteElo "1965"]
[BlackElo "1680"]
[PlyCount "61"]
[EventDate "2008.11.??"]
[EventType "swiss"]
[EventRounds "7"]
[EventCountry "FRA"]

1. e4 e6 2. d4 d5 3. Nc3 c5 4. Nf3 Nc6 5. Be2 Qb6 6. exd5 cxd4 7. dxc6 dxc3 8.
cxb7 Bxb7 9. Qd4 Qxd4 10. Nxd4 Bb4 11. Bb5+ Ke7 12. O-O cxb2 13. Bxb2 a6 14.
Bc6 Rb8 15. Bxb7 Rxb7 16. Nc6+ Ke8 17. Nxb4 Rxb4 18. Bxg7 f6 19. Rab1 Ra4 20.
Rb2 Kf7 21. Bxh8 Ne7 22. Rd1 Nd5 23. g3 Kg8 24. Rxd5 exd5 25. Bxf6 Kf7 26. Bg5
Kg6 27. h4 h6 28. Rb6+ Kf5 29. Rf6+ Kg4 30. Rf4+ Rxf4 31. Bxf4 1-0

[Event "Open 2008"]
[Site "Villeneuve-sur-Lot"]
[Date "2008.11.08"]
[Round "2"]
[White "Le Hetet, Nicolas"]
[Black "Morel, Jean Marc"]
[Result "1-0"]
[WhiteElo "2069"]
[BlackElo "1740"]
[PlyCount "45"]
[EventDate "2008.11.??"]
[EventType "swiss"]
[EventRounds "7"]
[EventCountry "FRA"]

1. e4 c5 2. Nf3 Nc6 3. d4 cxd4 4. Nxd4 g6 5. Be3 Bg7 6. Nc3 d6 7. Qd2 Bd7 8.
O-O-O a6 9. f3 h5 10. Kb1 Bh6 11. Nxc6 bxc6 12. Qd4 Nf6 13. Bxh6 Rxh6 14. e5
dxe5 15. Qxe5 Qb6 16. Bc4 Rh7 17. Rhe1 Ng8 18. Ne4 O-O-O 19. Rd3 Bf5 20. Rb3
Qa7 21. Bxa6+ Qxa6 22. Rb8+ Kd7 23. Rd1+ 1-0

[Event "Open 2008"]
[Site "Villeneuve-sur-Lot"]
[Date "2008.11.08"]
[Round "3"]
[White "Fantinel, Thibault"]
[Black "Nivat, Alain"]
[Result "1-0"]
[WhiteElo "2000"]
[BlackElo "1842"]
[PlyCount "47"]
[EventDate "2008.11.??"]
[EventType "swiss"]
[EventRounds "7"]
[EventCountry "FRA"]

1. e4 e5 2. Nf3 Nc6 3. Bb5 Nd4 4. Nxd4 exd4 5. O-O Bc5 6. d3 c6 7. Bc4 d6 8. f4
Nf6 9. h3 O-O 10. Bb3 Be6 11. f5 Bxb3 12. axb3 Re8 13. Bf4 Nd7 14. Qg4 f6 15.
Nd2 Ne5 16. Qh4 Qd7 17. g4 h6 18. Qg3 b5 19. h4 Qe7 20. Kg2 Rf8 21. g5 fxg5 22.
hxg5 hxg5 23. Bxg5 Qf7 24. Rh1 1-0

[Event "Open 2008"]
[Site "Villeneuve-sur-Lot"]
[Date "2008.11.08"]
[Round "3"]
[White "Goguely, Pierre"]
[Black "Le Hetet, Nicolas"]
[Result "0-1"]
[WhiteElo "1872"]
[BlackElo "2069"]
[PlyCount "54"]
[EventDate "2008.11.??"]
[EventType "swiss"]
[EventRounds "7"]
[EventCountry "FRA"]

1. e4 c5 2. Nf3 Nc6 3. d4 cxd4 4. Nxd4 e5 5. Nb5 d6 6. N1c3 a6 7. Na3 b5 8. Nd5
Nge7 9. c3 Nxd5 10. Qxd5 Qc7 11. Be3 Be6 12. Qd2 d5 13. exd5 Rd8 14. Qc2 Bxd5
15. O-O-O Bxa3 16. bxa3 Qe7 17. a4 Qa3+ 18. Kb1 bxa4 19. Rxd5 Rxd5 20. Bc4 Rd7
21. Bxa6 O-O 22. Bb5 Rb8 23. c4 Nd4 24. Bxd4 Rxd4 25. Ka1 Rbd8 26. Bxa4 Rd2 27.
Qb3 Qc5 0-1

[Event "Open 2008"]
[Site "Villeneuve-sur-Lot"]
[Date "2008.11.08"]
[Round "3"]
[White "Marciniak, Alexandre"]
[Black "Graton, Tanguy"]
[Result "1-0"]
[WhiteElo "2161"]
[BlackElo "1883"]
[PlyCount "33"]
[EventDate "2008.11.??"]
[EventType "swiss"]
[EventRounds "7"]
[EventCountry "FRA"]

1. e4 e6 2. d4 d5 3. Nd2 Nf6 4. e5 Nfd7 5. c3 c5 6. Bd3 Nc6 7. Ne2 Qb6 8. Nf3
Be7 9. O-O f6 10. exf6 Nxf6 11. Nf4 Bd7 12. Re1 c4 13. Bc2 Na5 14. Ng5 Ne4 15.
Bxe4 dxe4 16. Qh5+ Kd8 17. Nf7+ 1-0

[Event "Open 2008"]
[Site "Villeneuve-sur-Lot"]
[Date "2008.11.09"]
[Round "4"]
[White "Gillis, Stephane"]
[Black "Ibanez, Thomas"]
[Result "1-0"]
[WhiteElo "1965"]
[BlackElo "1870"]
[PlyCount "105"]
[EventDate "2008.11.??"]
[EventType "swiss"]
[EventRounds "7"]
[EventCountry "FRA"]

1. e4 d5 2. exd5 Nf6 3. d4 Bg4 4. Nf3 Nxd5 5. Be2 Nc6 6. c4 Nb6 7. Nc3 e6 8.
O-O Be7 9. Be3 O-O 10. b3 Bf6 11. Rc1 a6 12. Ne4 Be7 13. h3 Bf5 14. Ng3 Bg6 15.
Bd3 f5 16. Ne2 Nb4 17. Bb1 Nc6 18. Nf4 Bf7 19. Re1 Bb4 20. Bd2 Qf6 21. Bxb4
Nxb4 22. Ne5 Be8 23. Qd2 a5 24. a3 Na6 25. Qxa5 g5 26. Nfd3 Nb8 27. Qb4 Na6 28.
Qc3 Rd8 29. Nb4 Nb8 30. a4 c5 31. dxc5 N6d7 32. Nxd7 Nxd7 33. c6 bxc6 34. Nxc6
Rc8 35. Qxf6 Nxf6 36. Ne7+ Kg7 37. Nxc8 Bf7 38. Nd6 Bg8 39. Bxf5 exf5 40. Nxf5+
Kh8 41. Re7 Bf7 42. Rd1 Bg6 43. g4 h5 44. c5 hxg4 45. hxg4 Nxg4 46. Ne3 Nxf2
47. Rd6 Nh3+ 48. Kh2 Nf4 49. c6 Bb1 50. c7 Ng6 51. Rd8 Kg8 52. Ree8 Nf4 53.
Rxf8+ 1-0

[Event "Open 2008"]
[Site "Villeneuve-sur-Lot"]
[Date "2008.11.09"]
[Round "4"]
[White "Graton, Tanguy"]
[Black "Barraud, Mickael"]
[Result "1/2-1/2"]
[WhiteElo "1883"]
[BlackElo "1849"]
[PlyCount "82"]
[EventDate "2008.11.??"]
[EventType "swiss"]
[EventRounds "7"]
[EventCountry "FRA"]

1. e4 e6 2. d4 d5 3. Nd2 Nf6 4. Bd3 c5 5. exd5 Nxd5 6. Ngf3 Nc6 7. Nb3 cxd4 8.
Nbxd4 Nxd4 9. Nxd4 Bb4+ 10. Bd2 O-O 11. O-O e5 12. Nf5 Bxd2 13. Qxd2 Nf4 14.
Rad1 Nxd3 15. Qxd3 Qxd3 16. Ne7+ Kh8 17. Rxd3 Be6 18. Rfd1 Rfe8 19. a3 g6 20.
Nd5 Rac8 21. Nf6 Re7 22. c3 Kg7 23. Nd7 Bxd7 24. Rxd7 Rc7 25. Rd8 b6 26. Kf1 f5
27. Ke2 Kf6 28. Ke3 Kf7 29. R1d6 Re8 30. R6d7+ Rxd7 31. Rxd7+ Re7 32. Rxe7+
Kxe7 33. f3 Kd6 34. g4 Kd5 35. b3 b5 36. Kd3 a5 37. h4 e4+ 38. fxe4+ fxe4+ 39.
Ke3 a4 40. bxa4 bxa4 41. h5 gxh5 1/2-1/2

[Event "Open 2008"]
[Site "Villeneuve-sur-Lot"]
[Date "2008.11.08"]
[Round "4"]
[White "Le Hetet, Nicolas"]
[Black "Cruzel, Thierry"]
[Result "1-0"]
[WhiteElo "2069"]
[BlackElo "1883"]
[PlyCount "43"]
[EventDate "2008.11.??"]
[EventType "swiss"]
[EventRounds "7"]
[EventCountry "FRA"]

1. e4 e6 2. d4 d5 3. e5 c5 4. c3 Ne7 5. Nf3 Nec6 6. a3 Nd7 7. Bd3 Be7 8. O-O
cxd4 9. cxd4 f6 10. exf6 Bxf6 11. Ng5 Nf8 12. Nf3 Bd7 13. Nc3 Kf7 14. Ne2 Ng6
15. b4 Re8 16. Qc2 Rc8 17. Bxg6+ hxg6 18. Nf4 Ne7 19. Qe2 Nc6 20. Bb2 Qc7 21.
Nd3 Rh8 22. Rac1 {tomb} 1-0

[Event "Open 2008"]
[Site "Villeneuve-sur-Lot"]
[Date "2008.11.09"]
[Round "5"]
[White "Cruzel, Thierry"]
[Black "Nivat, Alain"]
[Result "0-1"]
[WhiteElo "1883"]
[BlackElo "1842"]
[PlyCount "82"]
[EventDate "2008.11.??"]
[EventType "swiss"]
[EventRounds "7"]
[EventCountry "FRA"]

1. e4 e5 2. Bc4 Nf6 3. Nf3 Nc6 4. O-O Bc5 5. c3 Nxe4 6. d4 exd4 7. cxd4 Be7 8.
d5 Nb8 9. Re1 Nd6 10. Bd3 O-O 11. Ne5 Ne8 12. Qh5 Nf6 13. Qh4 d6 14. Nf3 Nbd7
15. Nc3 Nc5 16. Bxh7+ Nxh7 17. Qxe7 Bf5 18. Bd2 Nf6 19. Qxd8 Raxd8 20. Re7 Rd7
21. Rae1 Nd3 22. Rxd7 Bxd7 23. Rd1 Nxb2 24. Rb1 Nc4 25. Rxb7 Re8 26. h3 Nxd2
27. Nxd2 Re1+ 28. Kh2 Rc1 29. Nce4 Nxd5 30. Rxa7 Bf5 31. Ng5 g6 32. Nb3 Rc2 33.
Kg3 Rc3+ 34. Kh2 Rc2 35. Kg3 c5 36. Nxf7 c4 37. Nd4 Rc3+ 38. Kh2 Rd3 39. Nxf5
gxf5 40. Nxd6 c3 41. Ra8+ Kh7 0-1

[Event "Open 2008"]
[Site "Villeneuve-sur-Lot"]
[Date "2008.11.09"]
[Round "5"]
[White "Gillis, Stephane"]
[Black "Fantinel, Thibault"]
[Result "0-1"]
[WhiteElo "1965"]
[BlackElo "2000"]
[PlyCount "68"]
[EventDate "2008.11.??"]
[EventType "swiss"]
[EventRounds "7"]
[EventCountry "FRA"]

1. e4 c5 2. c3 Nf6 3. e5 Nd5 4. Nf3 d6 5. exd6 e6 6. d4 cxd4 7. Nxd4 Bxd6 8.
Bd3 Nc6 9. Qg4 Ne5 10. Bb5+ Kf8 11. Qe2 Ng6 12. Nd2 a6 13. Bc4 Ndf4 14. Qe4 f5
15. Qc2 Nxg2+ 16. Kf1 N2f4 17. N2f3 Qf6 18. Ne2 b5 19. Bxf4 Bxf4 20. Nxf4 Nxf4
21. Qd2 Ng6 22. Qd6+ Qe7 23. Qxe7+ Kxe7 24. Be2 Bb7 25. Rg1 Kf6 26. Nd4 e5 27.
Nb3 Nf4 28. Nc5 Bc6 29. Rd1 Rhd8 30. Rxd8 Rxd8 31. Nxa6 Rd2 32. Nb4 Bb7 33. Nd3
Nxd3 34. Bxd3 Rd1+ 0-1

[Event "Open 2008"]
[Site "Villeneuve-sur-Lot"]
[Date "2008.11.09"]
[Round "5"]
[White "Goguely, Pierre"]
[Black "Gerothwohl, Tristan"]
[Result "1-0"]
[WhiteElo "1872"]
[BlackElo "1780"]
[PlyCount "71"]
[EventDate "2008.11.??"]
[EventType "swiss"]
[EventRounds "7"]
[EventCountry "FRA"]

1. e4 Nf6 2. e5 Nd5 3. d4 d6 4. c4 Nb6 5. exd6 exd6 6. Nc3 Be7 7. Nf3 O-O 8.
Bd3 N8d7 9. O-O Nf6 10. Re1 Re8 11. h3 Nbd7 12. Bf4 c6 13. Qc2 d5 14. cxd5 cxd5
15. Nb5 Rf8 16. Bc7 Qe8 17. Nd6 Bxd6 18. Bxd6 Ne4 19. Bxe4 dxe4 20. Rxe4 Qd8
21. Bxf8 Nxf8 22. Qe2 Bf5 23. Re5 Be6 24. Rc1 Qd7 25. Qb5 Qxb5 26. Rxb5 a6 27.
Rc7 Bxa2 28. Ne5 Be6 29. Nc6 Bd7 30. Re5 a5 31. d5 b5 32. Re7 Be8 33. Na7 a4
34. Rc8 Rxc8 35. Nxc8 b4 36. Rxe8 1-0

[Event "Open 2008"]
[Site "Villeneuve-sur-Lot"]
[Date "2008.11.09"]
[Round "5"]
[White "Marciniak, Alexandre"]
[Black "Le Hetet, Nicolas"]
[Result "1/2-1/2"]
[WhiteElo "2161"]
[BlackElo "2069"]
[PlyCount "65"]
[EventDate "2008.11.??"]
[EventType "swiss"]
[EventRounds "7"]
[EventCountry "FRA"]

1. e4 e5 2. Nf3 Nc6 3. Bb5 a6 4. Ba4 Nf6 5. O-O Be7 6. Re1 b5 7. Bb3 d6 8. c3
O-O 9. h3 Na5 10. Bc2 c5 11. d4 Nd7 12. Nbd2 Bf6 13. Nf1 cxd4 14. cxd4 Re8 15.
Ne3 Nc6 16. Nf5 Nb6 17. dxe5 dxe5 18. Nd6 Re6 19. Nxc8 Rxc8 20. Qxd8+ Rxd8 21.
Bb3 Ree8 22. Bd2 Rc8 23. Be3 Nc4 24. Bxc4 bxc4 25. Rac1 Nb4 26. Re2 Nxa2 27.
Ra1 Nb4 28. Ra4 Nd3 29. Rc2 Rb8 30. Rxa6 Nxb2 31. Ra2 c3 32. Rxc3 Red8 33. Rc2
1/2-1/2

[Event "Open 2008"]
[Site "Villeneuve-sur-Lot"]
[Date "2008.11.08"]
[Round "6"]
[White "Misiaszek, Stephan"]
[Black "Gillis, Stephane"]
[Result "0-1"]
[WhiteElo "1620"]
[BlackElo "1965"]
[PlyCount "46"]
[EventDate "2008.11.??"]
[EventType "swiss"]
[EventRounds "7"]
[EventCountry "FRA"]

1. d4 d5 2. Nf3 Nf6 3. e3 Bg4 4. Nbd2 c5 5. c3 Nc6 6. Qc2 e6 7. Ne5 Nxe5 8.
dxe5 Nd7 9. f4 Be7 10. Be2 Bxe2 11. Kxe2 c4 12. Nf3 O-O 13. Nd4 Qc7 14. h4 Nc5
15. Bd2 f6 16. exf6 Bxf6 17. g4 Bxd4 18. cxd4 Ne4 19. Rhg1 Rac8 20. Bc3 Qe7 21.
g5 Qf7 22. Rg4 Qf5 23. Rag1 Ng3+ 0-1

[Event "Open 2008"]
[Site "Villeneuve-sur-Lot"]
[Date "2008.11.08"]
[Round "6"]
[White "Nivat, Alain"]
[Black "Marciniak, Alexandre"]
[Result "0-1"]
[WhiteElo "1842"]
[BlackElo "2161"]
[PlyCount "51"]
[EventDate "2008.11.??"]
[EventType "swiss"]
[EventRounds "7"]
[EventCountry "FRA"]

1. e4 c5 2. d4 cxd4 3. c3 Nf6 4. e5 Nd5 5. Bc4 Qc7 6. Qe2 Nb6 7. Bd3 Nc6 8. Nf3
e6 9. O-O d6 10. cxd4 Nb4 11. Bb5+ Bd7 12. Nc3 a6 13. Bxd7+ Qxd7 14. Bf4 N4d5
15. Bg3 Nxc3 16. bxc3 d5 17. Rab1 Nc4 18. Ng5 h6 19. Nh3 Be7 20. f4 g6 21. Nf2
Rc8 22. Rb3 b5 23. Nd3 Na5 24. Rb2 Rxc3 25. Qd2 Ra3 26. Qc2 0-1

[Event "Open 2008"]
[Site "Villeneuve-sur-Lot"]
[Date "2008.11.08"]
[Round "6"]
[White "Valadier, Patrick"]
[Black "Goguely, Pierre"]
[Result "1-0"]
[WhiteElo "1680"]
[BlackElo "1872"]
[PlyCount "71"]
[EventDate "2008.11.??"]
[EventType "swiss"]
[EventRounds "7"]
[EventCountry "FRA"]

1. e4 g6 2. d4 Bg7 3. e5 d6 4. f4 dxe5 5. fxe5 Nh6 6. Nf3 O-O 7. Be2 Nc6 8. c3
Bf5 9. O-O f6 10. exf6 Rxf6 11. Bg5 Rd6 12. Qb3+ Kh8 13. Bf4 Re6 14. Bc4 Na5
15. Qb4 Nxc4 16. Qxc4 c6 17. Nbd2 b5 18. Qc5 Nf7 19. Rae1 Rxe1 20. Rxe1 Bf6 21.
Qxc6 Qa5 22. Qxa8+ Kg7 23. Qd5 e6 24. Qb3 Qb6 25. Kh1 Nd8 26. Ne5 Bh4 27. Bg3
Bxg3 28. hxg3 Nb7 29. g4 Qd8 30. Ndf3 Nd6 31. gxf5 Nxf5 32. Ng4 Nh4 33. Qxe6
Nxf3 34. gxf3 Qh4+ 35. Nh2 Qf2 36. Qe7+ 1-0

[Event "Open 2008"]
[Site "Villeneuve-sur-Lot"]
[Date "2008.11.09"]
[Round "7"]
[White "Fantinel, Thibault"]
[Black "Barraud, Mickael"]
[Result "1-0"]
[WhiteElo "2000"]
[BlackElo "1849"]
[PlyCount "61"]
[EventDate "2008.11.??"]
[EventType "swiss"]
[EventRounds "7"]
[EventCountry "FRA"]

1. e4 e6 2. d4 d5 3. Nc3 Nf6 4. Bg5 Be7 5. e5 Nfd7 6. Bxe7 Qxe7 7. f4 a6 8. Nf3
c5 9. Qd2 Nc6 10. dxc5 Nxc5 11. O-O-O b5 12. Bd3 Bb7 13. Ne2 Nxd3+ 14. Qxd3 Rc8
15. Ned4 O-O 16. Nxc6 Rxc6 17. Nd4 Rc7 18. Rhe1 Rfc8 19. g4 Rc4 20. Qe3 a5 21.
f5 Qc5 22. Rd2 b4 23. Kb1 Rc3 24. Qg5 Rc4 25. fxe6 Rxd4 26. exf7+ Kh8 27. Rxd4
Qxd4 28. Qe7 h6 29. f8=Q+ Rxf8 30. Qxf8+ Kh7 31. e6 1-0

[Event "Open 2008"]
[Site "Villeneuve-sur-Lot"]
[Date "2008.11.09"]
[Round "7"]
[White "Gillis, Stephane"]
[Black "Le Hetet, Nicolas"]
[Result "1/2-1/2"]
[WhiteElo "1965"]
[BlackElo "2069"]
[PlyCount "74"]
[EventDate "2008.11.??"]
[EventType "swiss"]
[EventRounds "7"]
[EventCountry "FRA"]

1. e4 c5 2. Nc3 Nc6 3. f4 g6 4. Nf3 Bg7 5. Bc4 e6 6. d3 Nge7 7. O-O O-O 8. Bb3
a6 9. Qe1 Nd4 10. Ne2 Nxb3 11. axb3 Nc6 12. Qf2 b6 13. f5 exf5 14. exf5 d5 15.
fxg6 fxg6 16. Qg3 Ra7 17. Bg5 Bf6 18. Nc3 Raf7 19. Bxf6 Rxf6 20. Nd2 Nb4 21.
Rac1 Rxf1+ 22. Nxf1 Qf6 23. h3 Nxc2 24. Nxd5 Qd4+ 25. Nfe3 Nxe3 26. Nxe3 Qxb2
27. Rc4 Qb1+ 28. Kh2 Qxd3 29. Qe5 Rd8 30. Qg5 Qd6+ 31. Kh1 Be6 32. Rf4 Rf8 33.
Re4 a5 34. Kg1 Bf5 35. Re7 Qf6 36. Qxf6 Rxf6 37. Nd5 Rd6 1/2-1/2

[Event "Open 2008"]
[Site "Villeneuve-sur-Lot"]
[Date "2008.11.09"]
[Round "7"]
[White "Leduc, Eric"]
[Black "Cruzel, Thierry"]
[Result "0-1"]
[WhiteElo "1620"]
[BlackElo "1883"]
[PlyCount "58"]
[EventDate "2008.11.??"]
[EventType "swiss"]
[EventRounds "7"]
[EventCountry "FRA"]

1. Nf3 d5 2. e3 c5 3. Bb5+ Bd7 4. Bxd7+ Qxd7 5. Ne5 Qd6 6. Qg4 e6 7. Qf4 Nf6 8.
Nd3 Nc6 9. Qxd6 Bxd6 10. f3 g5 11. b3 c4 12. Nf2 cxb3 13. axb3 h5 14. Bb2 Ke7
15. e4 Rhg8 16. exd5 Nxd5 17. Ne4 Be5 18. Bxe5 Nxe5 19. d4 Nd7 20. Kd2 g4 21.
Nec3 Nb4 22. f4 a6 23. g3 Nf6 24. Re1 Rad8 25. d5 Nfxd5 26. Nxd5+ Rxd5+ 27. Kc1
Rc5 28. Re2 Rgc8 29. Na3 Nd5 0-1

[Event "Pic d'Anie op 04th"]
[Site "Pic d'Anie "]
[Date "2007.??.??"]
[Round "1.12"]
[White "Muratet, Lucas"]
[Black "Brouste, Pierre"]
[Result "1-0"]
[WhiteElo "1887"]
[BlackElo "1520"]
[PlyCount "49"]
[EventDate "2007.08.??"]
[EventType "tourn"]
[EventRounds "7"]
[EventCountry "FRA"]

1. e4 d6 2. d4 Nf6 3. Nc3 g6 4. f4 Bg7 5. Nf3 O-O 6. Bd3 c5 7. dxc5 dxc5 8. O-O
Nc6 9. Kh1 Qc7 10. e5 Ng4 11. Qe1 Rd8 12. Qh4 Nd4 13. Nxd4 cxd4 14. Ne4 Qc6 15.
f5 gxf5 16. Nd6 Nxe5 17. Nxf5 Bxf5 18. Bxf5 Ng6 19. Bxg6 fxg6 20. Qxe7 Rd7 21.
Qe2 Rc7 22. Bf4 Qxc2 23. Qe6+ Rf7 24. Bd6 d3 25. Rxf7 1-0

[Event "1er Championnat Francophone"]
[Site "Hammamet "]
[Date "2010.04.25"]
[Round "7.4"]
[White "Kaabi, Mejdi"]
[Black "Jose Queralto, Daniel"]
[Result "1/2-1/2"]
[WhiteElo "2315"]
[BlackElo "2089"]
[PlyCount "181"]
[EventDate "2010.04.??"]
[EventType "tourn"]
[EventRounds "9"]
[EventCountry "TUN"]

1. e4 e5 2. Bc4 Nf6 3. d3 c6 4. Nf3 Be7 5. O-O d6 6. a4 Be6 7. Nbd2 a5 8. Bxe6
fxe6 9. c3 O-O 10. Qb3 Qd7 11. Nc4 Bd8 12. Be3 Qe7 13. h3 c5 14. Nfd2 Nc6 15.
f4 Rb8 16. fxe5 Nxe5 17. Nxe5 dxe5 18. Nf3 Bc7 19. Ng5 Rfe8 20. Rf2 h6 21. Nf3
b6 22. Qc4 Bd6 23. Raf1 Kh7 24. Kh2 Nd7 25. g4 Nf6 26. Kg2 Rf8 27. Qb3 Kh8 28.
Nd2 Nh7 29. Rxf8+ Nxf8 30. Nc4 Ng6 31. Qd1 Bc7 32. g5 Nf4+ 33. Bxf4 exf4 34. h4
e5 35. Qg4 Rf8 36. Rf3 Qf7 37. h5 Qe7 38. g6 Rd8 39. b3 Kg8 40. Nd2 Qd7 41.
Qxd7 Rxd7 42. Kf2 Kf8 43. Ke2 Ke7 44. Rf1 Ke6 45. Rb1 Kf6 46. Nf3 Bd6 47. Rd1
Rc7 48. Rg1 Rb7 49. Nh2 Ke6 50. Ng4 Rb8 51. Kf3 Rd8 52. Rd1 Bc7 53. Rd2 Rd7 54.
Nf2 Kf6 55. Kg4 Ke6 56. Nh3 Kf6 57. Ng1 Ke6 58. Nf3 Bd6 59. d4 Bc7 60. d5+ Kf6
61. Rb2 Bd6 62. Nd2 Rd8 63. Nc4 Bc7 64. b4 axb4 65. cxb4 cxb4 66. Rxb4 Rb8 67.
Rb5 Ke7 68. d6+ Bxd6 69. Nxe5 Ra8 70. Nf7 Bc5 71. Kxf4 Rxa4 72. Rb3 Ra1 73. Rh3
Rf1+ 74. Ke5 Rd1 75. Rf3 Bd4+ 76. Kf5 Rh1 77. e5 Rxh5+ 78. Ke4 Bc5 79. Kd5 Rh2
80. Rd3 Rg2 81. Nh8 Rf2 82. Kc6 Rc2 83. Nf7 Bg1+ 84. Kd5 Rg2 85. Ra3 b5 86. Rc3
Rd2+ 87. Ke4 Re2+ 88. Kf3 Rf2+ 89. Kg3 Rd2 90. Rb3 Rd5 91. Kf4 1/2-1/2

[Event "1er Championnat Francophone"]
[Site "Hammamet "]
[Date "2010.04.25"]
[Round "7.5"]
[White "Maisuradze, Nino"]
[Black "Jemai, Akram"]
[Result "1/2-1/2"]
[WhiteElo "2254"]
[BlackElo "2138"]
[PlyCount "148"]
[EventDate "2010.04.??"]
[EventType "tourn"]
[EventRounds "9"]
[EventCountry "TUN"]

1. d4 d5 2. c4 c6 3. Nc3 Nf6 4. cxd5 cxd5 5. Bf4 Nc6 6. e3 a6 7. Bd3 g6 8. h3
Bg7 9. Nf3 O-O 10. O-O Nb4 11. Bb1 Re8 12. Qb3 Nc6 13. Rc1 Na5 14. Qd1 Bd7 15.
Ne5 Rc8 16. Qf3 Bc6 17. b3 b5 18. Bd3 Bb7 19. Ne2 Nc6 20. Nxc6 Bxc6 21. Rc2 Qa5
22. Rac1 Qb6 23. Nc3 Qb7 24. Qe2 Qd7 25. Nb1 Ne4 26. a4 f6 27. Bh2 e5 28. dxe5
fxe5 29. Qg4 Qb7 30. axb5 axb5 31. Bxe4 dxe4 32. Nd2 Bd7 33. Qxe4 Qxe4 34. Nxe4
Rxc2 35. Rxc2 Bf5 36. f3 Bxe4 37. fxe4 Rd8 38. Rc3 Rd2 39. Bg3 Kf7 40. Rc7+ Kg8
41. Rc8+ Kf7 42. Rc5 Rd3 43. Rxb5 Rxe3 44. Kf2 Rxe4 45. Kf3 Rd4 46. Bxe5 Bxe5
47. Rxe5 Rb4 48. Re3 Kf6 49. Ke2 h5 50. Kd2 Kf5 51. Kc3 Rb8 52. g3 g5 53. b4 h4
54. Kc4 hxg3 55. Rf3+ Ke4 56. Rxg3 Rc8+ 57. Kb5 Kf4 58. Rd3 Ke4 59. Rg3 Kf4 60.
Rg4+ Kf5 61. Rc4 Rh8 62. Rc3 Rh6 63. Kc5 Ke6 64. Rg3 Kd7 65. b5 Kc7 66. Rxg5
Rxh3 67. Rg7+ Kb8 68. Rg6 Rh5+ 69. Kc6 Rh8 70. Kb6 Rf8 71. Ka6 Rh8 72. Rb6+ Ka8
73. Rg6 Kb8 74. Rb6+ Ka8 1/2-1/2

[Event "1er Championnat Francophone"]
[Site "Hammamet "]
[Date "2010.04.25"]
[Round "3.4"]
[White "Boudriga, Med Ali"]
[Black "Amdouni, Zoubaier"]
[Result "1/2-1/2"]
[WhiteElo "2138"]
[BlackElo "2257"]
[PlyCount "145"]
[EventDate "2010.04.??"]
[EventType "tourn"]
[EventRounds "9"]
[EventCountry "TUN"]

1. Nf3 c5 2. c4 Nc6 3. Nc3 e5 4. d3 d6 5. g3 Be7 6. Bg2 f5 7. O-O Nf6 8. Ne1
Be6 9. Nc2 O-O 10. Ne3 Qd7 11. Ned5 Nb4 12. a3 Nbxd5 13. cxd5 Bf7 14. e4 Bh5
15. Qc2 f4 16. gxf4 exf4 17. f3 g5 18. Bd2 Ne8 19. Ne2 Bf6 20. Rac1 Be5 21. d4
cxd4 22. Qd3 Qg7 23. Rc4 Nc7 24. Rfc1 Rf7 25. Kh1 Bg6 26. Bh3 Kh8 27. Rxd4 h5
28. Rdc4 Bxb2 29. Rb1 Be5 30. Rxb7 g4 31. Bg2 Nxd5 32. Rxf7 Qxf7 33. Rc1 Nb6
34. fxg4 hxg4 35. Nxf4 Bxf4 36. Rf1 Qc4 37. Qxc4 Nxc4 38. Bxf4 Kg7 39. e5 Rd8
40. exd6 Nxd6 41. Be5+ Kh7 42. Rd1 Nf7 43. Rxd8 Nxd8 44. Bd4 a6 45. Kg1 Bd3 46.
Bd5 Kg6 47. Kf2 Kf5 48. Ke3 Bb5 49. Bb3 Ne6 50. Bc2+ Kg5 51. Be5 Bc6 52. Kd2
Nc5 53. Ke3 Ne6 54. Kd2 Nc5 55. Bd4 Ne4+ 56. Kd3 g3 57. hxg3 Nxg3 58. Kc4 Ne4
59. Kb4 Kf5 60. Bd3 Ke6 61. Bxa6 Kd6 62. Be2 Kc7 63. a4 Ng5 64. a5 Ne6 65. Be5+
Kb7 66. a6+ Ka7 67. Bc4 Bg2 68. Ka5 Nd8 69. Bd4+ Ka8 70. Kb6 Nc6 71. Bc5 Na7
72. Be6 Bf3 73. Bd7 1/2-1/2

[Event "1er Championnat Francophone"]
[Site "Hammamet "]
[Date "2010.04.25"]
[Round "2.2"]
[White "Khlif, Ahmed"]
[Black "Gulbas, Cemil"]
[Result "0-1"]
[WhiteElo "2056"]
[BlackElo "2364"]
[PlyCount "138"]
[EventDate "2010.04.??"]
[EventType "tourn"]
[EventRounds "9"]
[EventCountry "TUN"]

1. e4 d6 2. d4 Nf6 3. Nc3 g6 4. f4 Bg7 5. Nf3 O-O 6. Bd3 Na6 7. O-O c5 8. d5
Nc7 9. Qe1 a6 10. a4 Bd7 11. Qh4 b5 12. axb5 axb5 13. Rxa8 Qxa8 14. f5 c4 15.
Be2 Qa7+ 16. Kh1 Qa1 17. fxg6 fxg6 18. h3 b4 19. Bh6 Qxb2 20. e5 Qxc3 21. Bxg7
Kxg7 22. exf6+ Rxf6 23. Bxc4 Rf7 24. Bb3 e5 25. Re1 h6 26. Re4 Rxf3 27. gxf3
Qxf3+ 28. Kh2 g5 29. Qe1 Qxh3+ 30. Kg1 Na6 31. Bc4 Nc5 32. Bf1 Qf5 33. Rxb4
Qxc2 34. Qe3 Qd1 35. Rb6 Qxd5 36. Bg2 Qd1+ 37. Kh2 Kf7 38. Qf2+ Ke7 39. Rb8
Qh5+ 40. Kg1 Ne6 41. Qc2 Qf7 42. Bd5 Nd4 43. Qg2 Qf4 44. Rh8 g4 45. Rh7+ Kd8
46. Qa2 Qc1+ 47. Kg2 Qc2+ 48. Qxc2 Nxc2 49. Rxh6 Ne3+ 50. Kf2 Nxd5 51. Rxd6 Nf4
52. Rh6 Ke7 53. Ra6 Be6 54. Kg3 Kf6 55. Rb6 Kg5 56. Rb4 Nh5+ 57. Kf2 Nf6 58.
Kg3 Bd5 59. Rb5 Kf5 60. Rb4 Ne4+ 61. Kh2 Kf4 62. Ra4 Be6 63. Kg2 Kf5 64. Ra8
Nf6 65. Ra4 Bd5+ 66. Kg3 Kg5 67. Ra5 Nh5+ 68. Kf2 g3+ 69. Kg1 Nf4 0-1

[Event "1er Championnat Francophone"]
[Site "Hammamet "]
[Date "2010.04.25"]
[Round "6.6"]
[White "Flear, Christine"]
[Black "Maisuradze, Nino"]
[Result "1/2-1/2"]
[WhiteElo "2154"]
[BlackElo "2254"]
[PlyCount "131"]
[EventDate "2010.04.??"]
[EventType "tourn"]
[EventRounds "9"]
[EventCountry "TUN"]

1. d4 b6 2. e4 Bb7 3. Bd3 e6 4. Nf3 c5 5. c3 d6 6. O-O Ne7 7. Re1 Qc7 8. Bf4
Nd7 9. Nbd2 Ng6 10. Bg3 h5 11. h3 h4 12. Bh2 e5 13. Rc1 Be7 14. Nf1 Nf4 15. Bb5
O-O-O 16. Qa4 Kb8 17. dxe5 dxe5 18. Bxd7 Nd3 19. Bb5 Nxe1 20. Rxe1 f6 21. Ne3
g5 22. Ng4 Rhf8 23. Ne3 Bd6 24. Rd1 Qh7 25. Rxd6 Rxd6 26. Nxe5 Ka8 27. Nd7 Rxd7
28. Bxd7 Qxe4 29. Qxe4 Bxe4 30. Bf5 Bxf5 31. Nxf5 Kb7 32. Bd6 Rd8 33. Kf1 Kc6
34. Be7 Rd2 35. Bxf6 Rxb2 36. c4 Rxa2 37. Bxg5 a5 38. Ne7+ Kd6 39. Nd5 b5 40.
Nc3 Ra1+ 41. Ke2 b4 42. Ne4+ Kc6 43. Kd3 b3 44. Kc3 a4 45. Nd2 Rc1+ 46. Kb2
Rc2+ 47. Kb1 Kb6 48. Be3 Ka5 49. Ne4 a3 50. Nxc5 Kb4 51. Nd3+ Kc3 52. Ne1 Re2
53. Nf3 Rb2+ 54. Ka1 Ra2+ 55. Kb1 Rb2+ 56. Ka1 Kxc4 57. Nxh4 Re2 58. Nf3 Kd3
59. Kb1 Rb2+ 60. Ka1 Kc2 61. Nd4+ Kc3 62. Nb5+ Kb4 63. Nd4 Ra2+ 64. Kb1 Rb2+
65. Ka1 Ra2+ 66. Kb1 1/2-1/2